WRAT 4 Wide Range Achievement Test (Record no. 349800)

000 -LEADER
fixed length control field 00575nam a22002057a 4500
003 - CONTROL NUMBER IDENTIFIER
control field OSt
005 - DATE AND TIME OF LATEST TRANSACTION
control field 20180116183000.0
008 - FIXED-LENGTH DATA ELEMENTS--GENERAL INFORMATION
fixed length control field 141003b xxu||||| |||| 00| 0 eng d
020 ## - INTERNATIONAL STANDARD BOOK NUMBER
International Standard Book Number 0
040 ## - CATALOGING SOURCE
Original cataloging agency 0
Transcribing agency 0
Description conventions 0
082 ## - DEWEY DECIMAL CLASSIFICATION NUMBER
Classification number 155.283 WIL 2006
100 ## - MAIN ENTRY--PERSONAL NAME
Personal name Gary S. Wilkinson, PhD
245 ## - TITLE STATEMENT
Title WRAT 4 Wide Range Achievement Test
Remainder of title Professional Manual
Statement of responsibility, etc. Gary S. Wilkinson, PhD
260 ## - PUBLICATION, DISTRIBUTION, ETC.
Place of publication, distribution, etc. USA
Name of publisher, distributor, etc. PAR
Date of publication, distribution, etc. 2006
300 ## - PHYSICAL DESCRIPTION
Extent 494p.
Other physical details HB
440 ## - SERIES STATEMENT/ADDED ENTRY--TITLE
Title WRAT 4 Wide Range Achievement Test
600 ## - SUBJECT ADDED ENTRY--PERSONAL NAME
Personal name Gary S. Wilkinson, PhD
700 ## - ADDED ENTRY--PERSONAL NAME
Personal name Gary S. Wilkinson, PhD
942 ## - ADDED ENTRY ELEMENTS (KOHA)
Source of classification or shelving scheme
Koha item type Book
Holdings
Withdrawn status Lost status Source of classification or shelving scheme Damaged status Not for loan Collection code Permanent Location Current Location Shelving location Date acquired Total Checkouts Full call number Barcode Date last seen Date last checked out Price effective from Koha item type
            Central Library (CL) Central Library (CL) General Stacks 10/03/2014 5 155.283 WIL 2006 NBSPS-134 02/20/2015 02/19/2015 10/03/2014 Book
            Central Library (CL) Central Library (CL) General Stacks 10/03/2014 3 155.283 WIL 2006 NBSPS-135 02/20/2015 01/27/2015 10/03/2014 Book
            Central Library (CL) Central Library (CL) General Stacks 10/03/2014 4 155.283 WIL 2006 NBSPS-136 02/20/2015 01/27/2015 10/03/2014 Book
            Central Library (CL) Central Library (CL) General Stacks 10/03/2014 4 155.283 WIL 2006 NBSPS-137 02/20/2015 01/27/2015 10/03/2014 Book
© 2023 Central Library, National University of Sciences and Technology. All Rights Reserved.